Teen Wolf Memory Quiz! - Statistics

General Stats
  • This quiz has been taken 796 times
  • The average score is 16 of 30
Answer Stats
Hint Answer % Correct
What Is The Name Of The Boy That Got Bit In Season 1? Scott McCall
98%
Who Is The Friend Of The Boy Who Got Bit? Stiles Stilinski
96%
Who Is 'Queen Bee' Of The School? Lydia Martin
95%
Who Is The New Girl That Forgets A Pen? Allison Argent
91%
Who Is The Alpha In Season 1? Peter Hale
90%
Who Is The Guy That Has A Killer Uncle And A Dead Sister? Derek Hale
89%
Who Is The Hunter That Set Fire To The 'Hale' House? Kate Argent
86%
What Are The Three Ranks In The Werewolf World? (Highest To Lowest) Alpha, Beta, Omega
80%
What Is The High School That They All Go To? Beacon Hills High
75%
What Is The Sport That Is Played At The High School? Lacrosse
75%
What Animal Does Jackson Turn Into In Season 2? Kanima
72%
Who Is The Mother Of The Newly Bitten Beta? Melissa McCall
71%
Who Was In Control Of It Second? Gerard Argent
53%
Who Is The Coach Of The School Teams? Bobby Finstock
51%
Who Is The Boyfriend Of The Queen Bee? Jackson Whittmore
46%
What Is The Tree That Brings Supernatural Beings Called? Nemeton
46%
Who Is The Sheriff? Sheriff Stilinski
46%
Who Is Scott's First Beta? Liam Dunbar
45%
Who Is The Leader Of The Alpha Pack In Season 3? Deucalion
40%
What Is Derek's Sister Called? (Alive) Cora Hale
38%
What Is The Veterinarian Called? Dr Alan Deaton
37%
What Does Lydia Put In Allison's Locker On Her Birthday? Balloons
35%
What Is Derek's Sister Called? (Dead) Laura Hale
27%
Who Liam's Best Friend? Mason Hewitt
17%
Who Is Liam's Enemy In His Old School? Brett Talbot
15%
Who Was In Control Of It First? Matt Daehler
14%
What Type Of Camera Does Matt Have? Canon
9%
How Old Was Stiles When His Mother Died? 8 Years Old
6%
What Is Liam's Old School Called? Devenford Prep
6%
What Happens To Stiles In Season 3? Void Stiles
6%
No matching quizzes found
Score Distribution
Percent of People with Each Score
Percentile by Number Answered
Your Score History
You have not taken this quiz